[Event "BCF-ch rapidplay 33rd"]
[Site "Pudsey"]
[Date "2019.11.23"]
[Round "6"]
[White "Gordon, Stephen J"]
[Black "Shaw, Peter"]
[Result "1/2-1/2"]
[WhiteElo "2505"]
[BlackElo "2052"]
[PlyCount "98"]
[EventDate "2019.11.23"]
[EventType "swiss (rapid)"]
[EventRounds "11"]
[EventCountry "ENG"]
[SourceTitle "CBM 193 Extra"]
[Source "ChessBase"]
[SourceDate "2020.01.31"]
[SourceVersion "1"]
[SourceVersionDate "2020.01.31"]
[SourceQuality "1"]

1. c4 f5 2. g3 Nf6 3. Bg2 e6 4. Nf3 Be7 5. 0-0 0-0 6. d4 d6 7. Nc3 Ne4 8. Nxe4 fxe4 9. Nd2 d5 10. f3 Nc6 11. fxe4 Rxf1+ 12. Nxf1 dxc4 13. Be3 b5 14. b3 c3 15. a3 a5 16. d5 Ne5 17. Bd4 Bf6 18. Bxc3 Nf3+ 19. exf3 Bxc3 20. Rc1 b4 21. Ne3 Qf6 22. Nc4 Qd4+ 23. Kh1 exd5 24. exd5 Qxd1+ 25. Rxd1 Ba6 26. axb4 axb4 27. Bf1 Bxc4 28. Bxc4 Kf8 29. d6 cxd6 30. Rxd6 Ra2 31. Rd7 h6 32. f4 Ke8 33. Rd6 Ke7 34. Re6+ Kd7 35. Re4 Rd2 36. h4 Rd4 37. Re3 Rd2 38. Rd3+ Rxd3 39. Bxd3 Ke6 40. Kg2 Kf6 41. Kf3 g5 42. Kg4 gxf4 43. Kxf4 Bd2+ 44. Kg4 Be1 45. Bb5 Kg7 46. Kf4 Kf6 47. Kg4 Kg7 48. Kf4 Kf6 49. Kg4 Kg7 1/2-1/2

[Event "Barcelona Sants op 21st"]
[Site "Barcelona"]
[Date "2019.08.29"]
[Round "7"]
[White "Lorscheid, Gerhard"]
[Black "Gordon, Stephen J"]
[Result "1/2-1/2"]
[WhiteElo "2225"]
[BlackElo "2520"]
[PlyCount "47"]
[EventDate "2019.08.23"]
[EventType "swiss"]
[EventRounds "10"]
[EventCountry "ESP"]
[SourceTitle "EXT 2020"]
[Source "ChessBase"]
[SourceDate "2019.10.17"]
[SourceVersion "1"]
[SourceVersionDate "2019.10.17"]
[SourceQuality "1"]

1. d4 e6 2. Nf3 c5 3. c3 d5 4. Bf4 Bd6 5. Bg3 Nf6 6. e3 Qc7 7. Nbd2 Nbd7 8. c4 b6 9. Rc1 0-0 10. b4 Bxg3 11. hxg3 dxc4 12. Bxc4 cxd4 13. Nxd4 Qd6 14. a3 Bb7 15. 0-0 Ne5 16. Be2 a6 17. Qb3 Neg4 18. Bf3 Bd5 19. Nc4 Qd8 20. Nc6 Qc7 21. b5 axb5 22. Qxb5 Qxc6 23. Qxc6 Bxc6 24. Bxc6 1/2-1/2

[Event "GBR-ch 106th"]
[Site "Torquay"]
[Date "2019.07.30"]
[Round "4"]
[White "Gordon, Stephen J"]
[Black "Jones, Steven"]
[Result "1-0"]
[WhiteElo "2516"]
[BlackElo "2117"]
[PlyCount "77"]
[EventDate "2019.07.27"]
[EventType "swiss"]
[EventRounds "9"]
[EventCountry "ENG"]
[SourceTitle "CBM 191 Extra"]
[Source "ChessBase"]
[SourceDate "2019.09.30"]
[SourceVersion "1"]
[SourceVersionDate "2019.09.30"]
[SourceQuality "1"]

1. d4 d5 2. c4 dxc4 3. e4 Nc6 4. Nf3 Bg4 5. d5 Ne5 6. Bf4 Ng6 7. Be3 e5 8. Bxc4 Bd6 9. 0-0 Nf6 10. Be2 0-0 11. Nfd2 Bd7 12. Nc3 Qe7 13. Rc1 Nf4 14. Nc4 Nxe2+ 15. Qxe2 Ng4 16. Bd2 f5 17. Nxd6 cxd6 18. exf5 Bxf5 19. f4 e4 20. h3 Nf6 21. g4 Bg6 22. f5 Bf7 23. Bg5 Rae8 24. Rcd1 h6 25. Bf4 a6 26. Qe3 Nd7 27. Rd4 Nf6 28. Qg3 Rd8 29. Re1 Rfe8 30. Qe3 b5 31. Red1 Qb7 32. g5 hxg5 33. Bxg5 Bh5 34. Bxf6 gxf6 35. R1d2 Rd7 36. Nxe4 Rg7+ 37. Kh2 Qe7 38. Qf4 Qe5 39. Qxe5 1-0

[Event "Benasque op 39th"]
[Site "Benasque"]
[Date "2019.07.13"]
[Round "10"]
[White "Gordon, Stephen J"]
[Black "Piorun, Kacper"]
[Result "1/2-1/2"]
[WhiteElo "2516"]
[BlackElo "2656"]
[PlyCount "95"]
[EventDate "2019.07.04"]
[EventType "swiss"]
[EventRounds "10"]
[EventCountry "ESP"]
[SourceTitle "EXT 2020"]
[Source "ChessBase"]
[SourceDate "2019.10.17"]
[SourceVersion "1"]
[SourceVersionDate "2019.10.17"]
[SourceQuality "1"]

1. Nf3 f5 2. d3 d6 3. e4 e5 4. Nc3 Nf6 5. exf5 Bxf5 6. d4 e4 7. Nh4 Qd7 8. Be2 Be6 9. d5 Bf7 10. f3 Be7 11. 0-0 Nxd5 12. Nxd5 Bxh4 13. fxe4 0-0 14. Bg4 Qd8 15. g3 Be7 16. Rxf7 Rxf7 17. Be6 c6 18. Qh5 cxd5 19. Qxf7+ Kh8 20. exd5 Na6 21. Be3 Bf6 22. c3 b6 23. Rf1 Nc5 24. Bf5 Qe8 25. Qxe8+ Rxe8 26. Bf4 g6 27. Bc2 Be5 28. Re1 Kg7 29. Bxe5+ dxe5 30. b4 Nb7 31. Ba4 Re7 32. c4 e4 33. Bc6 Nd8 34. Ba8 Nf7 35. Kg2 Kf6 36. d6 Nxd6 37. c5 bxc5 38. bxc5 Nb7 39. Rc1 Rc7 40. Bxb7 Rxb7 41. c6 Rc7 42. Kf2 Ke5 43. Ke3 Kd5 44. h4 a5 45. Rd1+ Ke5 46. Rc1 Kd5 47. Rd1+ Ke5 48. Rc1 1/2-1/2

[Event "Benasque op 39th"]
[Site "Benasque"]
[Date "2019.07.10"]
[Round "7"]
[White "Deac, Bogdan Daniel"]
[Black "Gordon, Stephen J"]
[Result "1-0"]
[WhiteElo "2621"]
[BlackElo "2516"]
[PlyCount "101"]
[EventDate "2019.07.04"]
[EventType "swiss"]
[EventRounds "10"]
[EventCountry "ESP"]
[SourceTitle "EXT 2020"]
[Source "ChessBase"]
[SourceDate "2019.10.17"]
[SourceVersion "1"]
[SourceVersionDate "2019.10.17"]
[SourceQuality "1"]

1. e4 c5 2. Nc3 Nc6 3. Nf3 e6 4. d4 cxd4 5. Nxd4 Qc7 6. Be3 a6 7. Qf3 Nf6 8. 0-0-0 Ne5 9. Qg3 b5 10. a3 Bb7 11. Bxb5 Rc8 12. Ba4 Nxe4 13. Nxe4 Bxe4 14. Bf4 Qa5 15. Bxe5 Qxa4 16. Rd2 h5 17. Re1 Bg6 18. Bd6 Qc4 19. b3 Bxd6 20. Qxd6 Qc7 21. Qxc7 Rxc7 22. f4 Kd8 23. Re5 Kc8 24. Ra5 Kb7 25. f5 exf5 26. Nxf5 Bxf5 27. Rxf5 f6 28. Rfd5 Kc8 29. h4 Rh6 30. Kb2 g5 31. Rd6 Rc6 32. Rxd7 gxh4 33. R7d4 Rg6 34. Rxh4 Rg5 35. g3 Rxg3 36. Rxh5 Rg7 37. Rh8+ Kc7 38. Rf8 Rd7 39. Rf2 Rdd6 40. Rf7+ Kb6 41. a4 a5 42. Rf8 Kb7 43. Rh8 Rd5 44. Rh7+ Kb6 45. Rf7 Rdc5 46. Rf8 Rc3 47. Rb8+ Ka6 48. Rb5 Re3 49. Rff5 Re2 50. Rxa5+ Kb6 51. Rab5+ 1-0

[Event "BCF-chT1d 1819 (4NCL) Demotion pool"]
[Site "England"]
[Date "2019.05.06"]
[Round "11.51"]
[White "Greet, Andrew"]
[Black "Gordon, Stephen J"]
[Result "0-1"]
[WhiteElo "2420"]
[BlackElo "2533"]
[PlyCount "86"]
[EventDate "2018.11.10"]
[EventType "team-tourn"]
[EventRounds "4"]
[EventCountry "ENG"]
[SourceTitle "CBM 190 Extra"]
[Source "ChessBase"]
[SourceDate "2019.07.15"]
[SourceVersion "1"]
[SourceVersionDate "2019.07.15"]
[SourceQuality "1"]
[WhiteTeam "Alba"]
[BlackTeam "3CS Oldham"]
[WhiteTeamCountry "ENG"]
[BlackTeamCountry "ENG"]

1. Nf3 d5 2. e3 Nf6 3. c4 e6 4. b3 c5 5. Bb2 Nc6 6. cxd5 exd5 7. Nc3 d4 8. Na4 Be7 9. Bb5 Bd7 10. Rc1 Nb4 11. Bxd7+ Qxd7 12. 0-0 Nd3 13. Rc2 b5 14. Qe2 Nb4 15. Ne5 d3 16. Qf3 Qd5 17. Rxc5 Qxf3 18. gxf3 bxa4 19. Rb5 axb3 20. axb3 Nd7 21. Rc1 Nxe5 22. Rxe5 f6 23. Re4 Kd7 24. Ba3 a5 25. Rcc4 Rhb8 26. Rcd4+ Ke8 27. Bxb4 Rxb4 28. Rxd3 Rd8 29. Rxd8+ Kxd8 30. Rxb4 Bxb4 31. d4 Kd7 32. Kf1 Kc6 33. Ke2 Kb5 34. f4 f5 35. f3 Bd6 36. Kd3 Kb4 37. Kc2 Bc7 38. h3 g6 39. Kb2 Bd8 40. e4 Bb6 41. d5 Be3 42. d6 Bxf4 43. d7 Bc7 0-1

[Event "BCF-chT1d 1819 (4NCL) Demotion pool"]
[Site "England"]
[Date "2019.05.04"]
[Round "9.71"]
[White "Zakarian, David"]
[Black "Gordon, Stephen J"]
[Result "0-1"]
[WhiteElo "2341"]
[BlackElo "2533"]
[PlyCount "140"]
[EventDate "2018.11.10"]
[EventType "team-tourn"]
[EventRounds "4"]
[EventCountry "ENG"]
[SourceTitle "CBM 190 Extra"]
[Source "ChessBase"]
[SourceDate "2019.07.15"]
[SourceVersion "1"]
[SourceVersionDate "2019.07.15"]
[SourceQuality "1"]
[WhiteTeam "Oxford"]
[BlackTeam "3CS Oldham"]
[WhiteTeamCountry "ENG"]
[BlackTeamCountry "ENG"]

1. e4 c5 2. Nf3 d6 3. Bb5+ Nd7 4. c3 Ngf6 5. Qe2 a6 6. Ba4 b5 7. Bc2 Bb7 8. 0-0 e6 9. d4 Be7 10. a4 0-0 11. Nbd2 Qc7 12. e5 dxe5 13. dxe5 Nd5 14. Qd3 g6 15. Re1 c4 16. Qd4 Nc5 17. Qg4 Nb6 18. Nd4 bxa4 19. h4 Nd3 20. Bxd3 cxd3 21. h5 a3 22. hxg6 hxg6 23. Qg3 Kg7 24. Qxd3 Rh8 25. b3 Rh5 26. Nf1 Nd5 27. Nf3 Qxc3 28. Qxc3 Nxc3 29. Bxa3 Bxa3 30. Rxa3 Rah8 31. N3h2 Rh4 32. f3 Rb4 33. Nd2 g5 34. Re3 Rc8 35. Nc4 Nb5 36. Ra1 Nd4 37. Ra2 Nxb3 38. Nd6 Rc1+ 39. Kf2 a5 40. Nxb7 Rxb7 41. Ng4 Rc5 42. Re4 Nc1 43. Rd2 Rb2 44. Ke1 Rxd2 45. Kxd2 Nb3+ 46. Kd3 Rd5+ 47. Kc3 Nc5 48. Rd4 Rxd4 49. Kxd4 Na6 50. Kc4 Nc7 51. Kb3 Nd5 52. Ka4 Nf4 53. Ne3 Nd3 54. Ng4 Ne1 55. Ne3 Kg6 56. Kxa5 Kh5 57. Kb5 Kh4 58. Kc5 Kg3 59. Kd6 Nxg2 60. Ng4 Kxf3 61. Nh6 g4 62. Nxf7 Nf4 63. Ng5+ Ke3 64. Nxe6 Nxe6 65. Kxe6 g3 66. Kd7 g2 67. e6 g1Q 68. e7 Qg7 69. Ke6 Qg8+ 70. Kd7 Qd5+ 0-1

[Event "BCF-chTb 1819 (4NCL)"]
[Site "Daventry"]
[Date "2019.01.13"]
[Round "4.51"]
[White "Parligras, Mircea Emilian"]
[Black "Gordon, Stephen J"]
[Result "1/2-1/2"]
[WhiteElo "2651"]
[BlackElo "2540"]
[PlyCount "65"]
[EventDate "2018.11.10"]
[EventType "team-tourn"]
[EventRounds "11"]
[EventCountry "ENG"]
[SourceTitle "CBM 188 Extra"]
[Source "ChessBase"]
[SourceDate "2019.02.26"]
[SourceVersion "1"]
[SourceVersionDate "2019.02.26"]
[SourceQuality "1"]
[WhiteTeam "Manx Liberty"]
[BlackTeam "3CS Oldham"]
[WhiteTeamCountry "ENG"]
[BlackTeamCountry "ENG"]

1. d4 Nf6 2. c4 e6 3. Nf3 a6 4. Nc3 d5 5. cxd5 exd5 6. Bg5 Be6 7. e3 Nbd7 8. h3 Bd6 9. Bd3 c6 10. Bf4 Qc7 11. Qd2 0-0 12. 0-0 Rfe8 13. Rfe1 Nh5 14. Bxd6 Qxd6 15. Qc2 g6 16. Na4 Ng7 17. Nc5 Qc7 18. Nxe6 Nxe6 19. b4 a5 20. b5 c5 21. dxc5 Nexc5 22. Red1 Rec8 23. Be2 Nb6 24. Rac1 Qd6 25. Qd2 Ne4 26. Qd4 Qf6 27. Qxf6 Nxf6 28. Nd4 Ne4 29. Bg4 Rxc1 30. Rxc1 h5 31. Bf3 Rc8 32. Rxc8+ Nxc8 33. Bxe4 1/2-1/2